| 000 | 00802 a2200205 4500 | ||
|---|---|---|---|
| 005 | 20080829165340.0 | ||
| 008 | 080829t xxu||||| |||| 00| 0 eng d | ||
| 010 | _aENG-87448 | ||
| 020 | _c108.00 | ||
| 035 | _aEN-70981 | ||
| 037 | _bDBAD / PUB | ||
| 082 | _a133.58 | ||
| 100 | _aHariharan, K | ||
| 245 |
_aRectification of birth time _cby K. Hariharan [and] K.S. Krishnamurti |
||
| 260 |
_aChennai _bKrishnamurti Publications _c2006 |
||
| 270 |
_aF21-A, First flooor, Spencer Plaza, 769, Anna Salai, 769, Anna Road _bChennai _e600 002 |
||
| 300 |
_a130 p. _c22 cm ( pbk.) |
||
| 942 |
_adpl _cEN _k133.58/HAR _2ddc _h133.58 _mHAR |
||
| 999 |
_c6583 _d6583 |
||